000 005530000a22001810004500
090 _aAR
_b03794
245 1 0 _aAcceso a los recursos genéticos
500 _a<Colección Recursos Genéticos>
650 1 4 _aDerecho ambiental
_997274
650 1 4 _aBioprospección
_993872
650 1 4 _aLegislación ambiental
_992309
650 1 4 _aContratos de acceso
_997584
651 4 _pArgentina
_992749
041 0 _aEspañol
100 1 _aRovere, Marta B.
_997589
942 _cARTICULO
773 1 _thttp://www.farn.org.ar/docs/p09/publicaciones9-2.html
_q1-16
_d1996
999 _c12830
_d12830